| 000 | 00919cam a2200277 4500 | ||
|---|---|---|---|
| 008 | 090401t1992 xxu||||| |||| 00| 0 eng d | ||
| 020 | _a0859513491 | ||
| 035 | _a(Sirsi) u38799 | ||
| 041 | _aeng | ||
| 050 | _a615.925756 | ||
| 100 | _aGreen, B. M. R. | ||
| 245 | _aRadon in dwellings in England. | ||
| 260 |
_aLondon _bHMSO _c1992 |
||
| 300 | _a72p. : ill.,maps ; 30cm. | ||
| 350 | _a10 | ||
| 490 |
_aNRPB _v-R254 |
||
| 520 | _aSurvey, carried out for the DoE by the National Radiological Protection Board, which measures levels of radon in 92,000 dwellings in England. Highest levels are in Devon and Cornwall, followed by Derbyshire, Northamptonshire and Somerset. | ||
| 650 | _aHOUSES | ||
| 650 | _aRADIATION | ||
| 690 | _aBUILT ENVIRONMENT | ||
| 700 | _aLomas, P.R. | ||
| 700 | _aO'Riordan, M. C. | ||
| 710 |
_aNational Radiological Protection Board _9241 |
||
| 942 | _n0 | ||
| 948 | _c04/03/1997 | ||
| 999 |
_c90709 _d90709 |
||